ਮਸਲਾ-ਦਰ-ਮਸਲਾ / (Record no. 110137)

MARC details
000 -LEADER
fixed length control field 01008nam a22002537a 4500
005 - DATE AND TIME OF LATEST TRANSACTION
control field 20170123164148.0
010 ## - LIBRARY OF CONGRESS CONTROL NUMBER
LC control number B-124703
020 ## - INTERNATIONAL STANDARD BOOK NUMBER
International Standard Book Number 8180590267
Terms of availability 120.00
035 ## - SYSTEM CONTROL NUMBER
System control number B-124703
037 ## - SOURCE OF ACQUISITION
Source of stock number/acquisition Cen Lib/Ret
040 ## - CATALOGING SOURCE
Original cataloging agency DPL
Language of cataloging PN
082 ## - DEWEY DECIMAL CLASSIFICATION NUMBER
Classification number
Item number ਸੇਠੀਸ
100 ## - MAIN ENTRY--PERSONAL NAME
Personal name ਸੇਠੀ, ਸਤ੍ਵੇੰਦ੍ਰ ਕੌਰ
9 (RLIN) 46856
245 ## - TITLE STATEMENT
Title ਮਸਲਾ-ਦਰ-ਮਸਲਾ /
Statement of responsibility, etc ਸਤ੍ਵੇੰਦ੍ਰ ਕੌਰ ਸੇਠੀ
246 ## - VARYING FORM OF TITLE
Title proper/short title Masla-dar-masla /
Remainder of title by Satvendra Kaur Sethy
260 ## - PUBLICATION, DISTRIBUTION, ETC. (IMPRINT)
Place of publication, distribution, etc ਦਿੱਲੀ
Name of publisher, distributor, etc ਸ਼੍ਰੀ ਪ੍ਰਕਾਸ਼ਨ
Date of publication, distribution, etc 2005
270 ## - ADDRESS
Address ਵਿਦਜੁਤ ਅਪਾਰਟਮੇੰਟ, ਏਦਰਪ੍ਸਥ ਏਕਸ਼ਟਸ਼ਨ
City ਦਿੱਲੀ
Postal code 110032
300 ## - PHYSICAL DESCRIPTION
Extent 104p ;
Dimensions 20cm
650 ## - SUBJECT ADDED ENTRY--TOPICAL TERM
Topical term or geographic name as entry element ਪੰਜਾਬੀ ਕਹਾਣੀਆ
9 (RLIN) 123624
650 ## - SUBJECT ADDED ENTRY--TOPICAL TERM
Topical term or geographic name as entry element ਸਾਹਿਤ -- ਪੰਜਾਬੀ
9 (RLIN) 123625
650 ## - SUBJECT ADDED ENTRY--TOPICAL TERM
Topical term or geographic name as entry element Punjabi - literature
9 (RLIN) 781
650 ## - SUBJECT ADDED ENTRY--TOPICAL TERM
Topical term or geographic name as entry element Punjabi -- story
9 (RLIN) 123626
942 ## - ADDED ENTRY ELEMENTS (KOHA)
Source of classification or shelving scheme Dewey Decimal Classification
Koha item type Punjabi Bks
Classification part
Call number suffix ਸੇਠੀਸ
Holdings
Withdrawn status Lost status Damaged status Not for loan Home library Current library Date acquired Source of acquisition Cost, normal purchase price Total Checkouts Full call number Barcode Date last seen Date checked out Copy number Cost, replacement price Price effective from Koha item type
        Central Library Central Library 14/01/2016 Cen Lib/Ret 120.00 1 ਕ ਸੇਠੀਸ B-124703 03/12/2025 18/11/2025 1 120.00 14/01/2016 Punjabi Bks

© Delhi Public Library
Hit Counter
free hit counter